| 000 | 00350nam a22001457a 4500 | ||
|---|---|---|---|
| 008 | 180919b xxu||||| |||| 00| 0 eng d | ||
| 020 | _a9780803615687 | ||
| 041 | _aeng | ||
| 080 |
_24th _a610.73 |
||
| 082 | _a610.73 | ||
| 100 | _a1 | ||
| 101 | _aINF | ||
| 245 |
_aEssentials of Nursing Leadership and Management _cWhitehead,D.K |
||
| 942 |
_2udc _cBK |
||
| 999 |
_c47996 _d47996 |
||